Sector financiero y delincuencia económica / (Registro nro. 12010)
[ vista simple ]
| 000 -LEADER | |
|---|---|
| fixed length control field | 01309nam a2200289Ia 4500 |
| 003 - CONTROL NUMBER IDENTIFIER | |
| control field | OSt |
| 005 - DATE AND TIME OF LATEST TRANSACTION | |
| control field | 20210727143104.0 |
| 008 - FIXED-LENGTH DATA ELEMENTS--GENERAL INFORMATION | |
| fixed length control field | 130821s1985 ck gr spa |
| 020 ## - INTERNATIONAL STANDARD BOOK NUMBER | |
| International Standard Book Number | 9586040739 |
| 040 ## - CATALOGING SOURCE | |
| Original cataloging agency | Co-BoUCM |
| Transcribing agency | CO-JMCR |
| Language of cataloging | spa |
| 041 0# - LANGUAGE CODE | |
| Language code of text/sound track or separate title | spa |
| 082 04 - DEWEY DECIMAL CLASSIFICATION NUMBER | |
| Classification number | 345.8610268 / |
| Item number | C317s |
| Edition number | 23 |
| 100 1# - MAIN ENTRY--PERSONAL NAME | |
| Personal name | Carrillo Flórez, Fernando, |
| Relator term | autor |
| 9 (RLIN) | 38791 |
| 245 10 - TITLE STATEMENT | |
| Title | Sector financiero y delincuencia económica / |
| Statement of responsibility, etc. | Fernando Carrillo Flórez, Jorge Pinzón Sánchez. |
| 260 ## - PUBLICATION, DISTRIBUTION, ETC. | |
| Place of publication, distribution, etc. | Bogotá : |
| Name of publisher, distributor, etc. | Temis, |
| Date of publication, distribution, etc. | 1985. |
| 300 ## - PHYSICAL DESCRIPTION | |
| Extent | 347 páginas ; |
| Dimensions | 24 cm. |
| 504 ## - BIBLIOGRAPHY, ETC. NOTE | |
| Bibliography, etc. note | Bibliografía: páginas 327-330. |
| 505 0# - FORMATTED CONTENTS NOTE | |
| Formatted contents note | Evolución económica y sector financiero y política económica. -- El sector financiero en su aspecto constitucional. -- La insuficiencia de la protección penal de la confianza en el sistema financiero. -- La protección penal de la confianza en el sistema financiero. -- Contravenciones y derecho penal administrativo. |
| 650 04 - SUBJECT ADDED ENTRY--TOPICAL TERM | |
| Topical term or geographic name entry element | Delitos contra el orden económico social |
| Geographic subdivision | Colombia |
| 9 (RLIN) | 12568 |
| 650 24 - SUBJECT ADDED ENTRY--TOPICAL TERM | |
| Topical term or geographic name entry element | Derecho penal |
| 9 (RLIN) | 12805 |
| 650 24 - SUBJECT ADDED ENTRY--TOPICAL TERM | |
| Topical term or geographic name entry element | Derecho penal |
| Geographic subdivision | Colombia |
| 9 (RLIN) | 12805 |
| 650 24 - SUBJECT ADDED ENTRY--TOPICAL TERM | |
| Topical term or geographic name entry element | Derecho tributario |
| 9 (RLIN) | 12836 |
| 650 24 - SUBJECT ADDED ENTRY--TOPICAL TERM | |
| Topical term or geographic name entry element | Derecho tributario |
| Geographic subdivision | Colombia |
| 9 (RLIN) | 12836 |
| 650 24 - SUBJECT ADDED ENTRY--TOPICAL TERM | |
| Topical term or geographic name entry element | Sistema financiero |
| Geographic subdivision | Colombia |
| 9 (RLIN) | 8107 |
| 700 1# - ADDED ENTRY--PERSONAL NAME | |
| Personal name | Pinzón Sánchez, Jorge, |
| Relator term | autor |
| 9 (RLIN) | 38792 |
| 942 ## - ADDED ENTRY ELEMENTS (KOHA) | |
| Koha item type | Books |
| Source of classification or shelving scheme | Dewey Decimal Classification |
| Withdrawn status | Lost status | Source of classification or shelving scheme | Damaged status | Not for loan | Home library | Current library | Shelving location | Date acquired | Source of acquisition | Full call number | Barcode | Date last seen | Copy number | Price effective from | Koha item type |
|---|---|---|---|---|---|---|---|---|---|---|---|---|---|---|---|
| Dewey Decimal Classification | Biblioteca Pública José María del Castillo y Rada | Biblioteca Pública José María del Castillo y Rada | General Stacks | 04/15/2018 | Donación | 345.8610268 / C317s | 430002334 | 05/16/2024 | Ej.1 | 03/10/2021 | Books |